<?xml version="1.0" encoding="UTF-8"?>
<record
    xmlns:xsi="http://www.w3.org/2001/XMLSchema-instance"
    xsi:schemaLocation="http://www.loc.gov/MARC21/slim http://www.loc.gov/standards/marcxml/schema/MARC21slim.xsd"
    xmlns="http://www.loc.gov/MARC21/slim">

  <leader>01534nam a22002177a 4500</leader>
  <controlfield tag="003">AUA.1</controlfield>
  <controlfield tag="005">20180309122643.0</controlfield>
  <controlfield tag="008">180309b        xxu||||| |||| 00| 0 eng d</controlfield>
  <datafield tag="020" ind1=" " ind2=" ">
    <subfield code="a">0805411569</subfield>
  </datafield>
  <datafield tag="040" ind1=" " ind2=" ">
    <subfield code="c">JTL</subfield>
  </datafield>
  <datafield tag="050" ind1=" " ind2=" ">
    <subfield code="a">BT50</subfield>
    <subfield code="b">.W45 1994</subfield>
  </datafield>
  <datafield tag="100" ind1=" " ind2=" ">
    <subfield code="4">White, James Emery, </subfield>
    <subfield code="a">1961-</subfield>
  </datafield>
  <datafield tag="245" ind1=" " ind2=" ">
    <subfield code="a">What is truth? : </subfield>
    <subfield code="b">a comparative study of the positions of Cornelius Van Til, Francis Schaeffer, Carl F.H. Henry, Donald Bloesch, Millard Erickson /</subfield>
    <subfield code="c">James Emery White.</subfield>
  </datafield>
  <datafield tag="260" ind1=" " ind2=" ">
    <subfield code="a">Nashville, Tenn. :</subfield>
    <subfield code="b">Broadman &amp; Holman Publishers, </subfield>
    <subfield code="c">c1994.</subfield>
  </datafield>
  <datafield tag="300" ind1=" " ind2=" ">
    <subfield code="a">viii, 240 p. :</subfield>
    <subfield code="b">	</subfield>
    <subfield code="c">23 cm.</subfield>
  </datafield>
  <datafield tag="504" ind1=" " ind2=" ">
    <subfield code="a">Includes bibliographical footnotes .</subfield>
  </datafield>
  <datafield tag="505" ind1=" " ind2=" ">
    <subfield code="a">	Introduction. --
1. The question of truth. --
2. American evangelicalism. --
3. Evangelicals and the question of truth. --
4. Truth and presupposition: Cornelius Van Til. --
5. Truth and apologetic: Francis A. Schaeffer. --
6. Truth and reason: Carl F.H. Henry. --
7. Truth and God's truthfulness: Millard J. Erickson. --
8. Truth and theology: Donald G. Bloesch. --
9. Summary of the concept of truth in contemporary American evangelical theology. --
10. Non-evangelical reactions to the evangelical concept of truth. --
11. Defense of the evangelical concept of truth. --
12. Proposals for the evangelical concept of truth. --
Conclusion. --</subfield>
  </datafield>
  <datafield tag="650" ind1=" " ind2=" ">
    <subfield code="a">Truth</subfield>
    <subfield code="v">Religious aspects</subfield>
    <subfield code="x">Christianity</subfield>
    <subfield code="y">History of doctrines</subfield>
    <subfield code="z">20th century. </subfield>
  </datafield>
  <datafield tag="650" ind1=" " ind2=" ">
    <subfield code="a">Evangelicalism</subfield>
    <subfield code="v">United States</subfield>
    <subfield code="x">History </subfield>
    <subfield code="y">20th century.</subfield>
  </datafield>
  <datafield tag="942" ind1=" " ind2=" ">
    <subfield code="2">lcc</subfield>
    <subfield code="c">BOOK</subfield>
    <subfield code="h">BT 50</subfield>
    <subfield code="i">.W45 1994</subfield>
  </datafield>
  <datafield tag="999" ind1=" " ind2=" ">
    <subfield code="c">19610</subfield>
    <subfield code="d">19610</subfield>
  </datafield>
  <datafield tag="952" ind1=" " ind2=" ">
    <subfield code="0">0</subfield>
    <subfield code="1">0</subfield>
    <subfield code="2">lcc</subfield>
    <subfield code="4">0</subfield>
    <subfield code="7">0</subfield>
    <subfield code="8">Books</subfield>
    <subfield code="a">AUA.1</subfield>
    <subfield code="b">AUA.1</subfield>
    <subfield code="c">GS</subfield>
    <subfield code="d">2018-03-09</subfield>
    <subfield code="e">Bought by JTL</subfield>
    <subfield code="g">9.40</subfield>
    <subfield code="h">AUA22516</subfield>
    <subfield code="l">1</subfield>
    <subfield code="o">BT 50 .W45 1994</subfield>
    <subfield code="p">AUA22516</subfield>
    <subfield code="r">2018-04-02 00:00:00</subfield>
    <subfield code="s">2018-03-29</subfield>
    <subfield code="v">9.40</subfield>
    <subfield code="w">2018-03-09</subfield>
    <subfield code="y">BOOK</subfield>
  </datafield>
</record>
